La petite maison dans la prairie # 1 - Statistiques

Statistiques générales
  • Ce quiz a été pris 129 fois
  • Le résultat moyen est 7 sur 20
Statistiques - réponses
Questions Réponses % Correct
Lors du concours de Mathématiques, à quelle place termine Mary Ingalls (en toutes lettres) ? DEUXIEME
77%
Quelle reconversion professionnelle tente le Docteur Baker sans grande connaissance ? FERMIER
65%
Qui réussit à convaincre Charles de ne pas envoyer James et Cassandra à l'orphelinat de Minneapolis ? ALBERT
57%
Dans quel état des États-Unis se trouve Walnut Grove ? MINNESOTA
57%
Quel objet appartenant à Charles est volé par Todd, jeune voyou de 16 ans, travaillant à la ferme ? MONTRE
50%
Quel est le point commun entre Mme Whipple, Mme Novack et Mme Thurmond ? VEUVE
47%
Pour quel(le) habitant(e) de Walnut Grove, Lou Bates, ancien saltimbanque et nain, risque t il sa vie ? NANCY
41%
Quel habitant de Walnut Grove défie Milo Stavroupolis dans un combat de lutte ? JONATHAN GARVEY
40%
Comment s'appelle le bébé Orang Outan recueilli par Isaiah Edwards ? BLANCHE
38%
Quel est le nom du cheval monté par Laura dans la course de chevaux ? BUNNY
38%
Qui célèbre le mariage de Nellie, à la grande surprise de Harriet (Percival étant juif) ? DOCTEUR BAKER
33%
Quel composé organique ont transporté Charles Ingalls et Isaiah Edwards en tant que convoyeurs et au péril de leurs vies ? NITROGLYCERINE
29%
Dans quelle ville Jonathan Garvey devient-il shérif ? SLEEPY EYE
29%
Quel est le nom de l'écrivain excentrique qui vient s'installer à la pension Wilder ? MONTAGUE
28%
Lorsque Carrie tombe dans un puits, sur qui Caroline Ingalls rejette la faute ? EVA BEADLE
27%
Quel surnom donne Mademoiselle Peel à Mary Ingalls, qui vient enseigner dans une communauté chrétienne reculée ? JEZABEL
26%
La saison qui précède son rôle d'Etta Plum, quel travail effectue Leslie Landon qui joue le rôle de Pam, collègue de Laura Ingalls ? PLONGE
26%
Qui est le propriétaire du saloon ou sont employés les Oleson à Winoka ? STANDISH
17%
Quelle star de la chanson campe le rôle du "Frère" Hodgekiss dans l'épisode "La grande collecte" ? JOHNNY CASH
12%
Dans quel épisode voit-on un casse cou du cirque vieillissant mettre sa vie en danger à chaque spectacle ? GRAND GAMBINI
11%
Aucun quiz correspondant
Distribution des résultats
% des personnes avec chaque résultat
Percentile par nombre de réponses
Votre historique - résultats
Vous n’avez pas pris ce quiz